An exploration of disability and the development process (Record no. 65899)

MARC details
000 -LEADER
fixed length control field 01605cam a2200277 4500
001 - CONTROL NUMBER
control field ABS63391
008 - FIXED-LENGTH DATA ELEMENTS--GENERAL INFORMATION
fixed length control field 000000n2001 000 0 eng u
035 ## - SYSTEM CONTROL NUMBER
System control number (Sirsi) u110544
100 ## - MAIN ENTRY--PERSONAL NAME
Personal name Imrie, R.
245 #3 - TITLE STATEMENT
Title An exploration of disability and the development process
260 ## - PUBLICATION, DISTRIBUTION, ETC.
Date of publication, distribution, etc. 2001
490 ## - SERIES STATEMENT
Series statement Urban Studies
Volume/sequential designation 38(2) February 2001, 333-350(18)
520 ## - SUMMARY, ETC.
Summary, etc. Examines the attitudes of property developers towards people with disabilities and how this affects the design and development of the built environment and consequently access. Also considered are the heterogeneity of developers' responses to those needs; the significance of statutory and other legal controls and their interpretation; and the role of consultation and participation. Concludes that property developers have little knowledge or understanding of, or even interest in, the needs of people with disabilities; that, whilst regulations ensure a minimum standard, the fact that few clients and occupiers demand accessible building means that those needs are rarely met; and that the regulatory processes need to interlink more effectively if the barriers to fully inclusive design and developments are to be overcome. References.
590 ## - LOCAL NOTE (RLIN)
Local note ABS
650 ## - SUBJECT ADDED ENTRY--TOPICAL TERM
Topical term or geographic name entry element ACCESS
650 ## - SUBJECT ADDED ENTRY--TOPICAL TERM
Topical term or geographic name entry element BUILDING REGULATIONS
9 (RLIN) 6224
650 ## - SUBJECT ADDED ENTRY--TOPICAL TERM
Topical term or geographic name entry element DISABILITY DISCRIMINATION ACT 1996
650 ## - SUBJECT ADDED ENTRY--TOPICAL TERM
Topical term or geographic name entry element INCLUSIVE DESIGN
650 ## - SUBJECT ADDED ENTRY--TOPICAL TERM
Topical term or geographic name entry element PART M
650 ## - SUBJECT ADDED ENTRY--TOPICAL TERM
Topical term or geographic name entry element PEOPLE WITH DISABILITIES
650 ## - SUBJECT ADDED ENTRY--TOPICAL TERM
Topical term or geographic name entry element PROPERTY DEVELOPERS
650 ## - SUBJECT ADDED ENTRY--TOPICAL TERM
Topical term or geographic name entry element PROPERTY DEVELOPMENT
690 ## - LOCAL SUBJECT ADDED ENTRY--TOPICAL TERM (OCLC, RLIN)
Topical term or geographic name as entry element BUILT ENVIRONMENT-BUILDING STANDARDS
700 ## - ADDED ENTRY--PERSONAL NAME
Personal name Hall, P.
942 ## - ADDED ENTRY ELEMENTS (KOHA)
Suppress in OPAC 0
Holdings
Withdrawn status Lost status Source of classification or shelving scheme Damaged status Not for loan Home library Current library Shelving location Date acquired Total Checkouts Full call number Barcode Date last seen Copy number Price effective from Koha item type
    Dewey Decimal Classification     London London Journal article 25/01/2001   ABS63391 110544-1001 06/08/2019 1 06/08/2019 Journal article